000 00301nam a22001457a 4500
008 221004b ||||| |||| 00| 0 eng d
020 _a9586380076
041 _aeng
080 _a91
082 _a91 ROU
100 _a19.2
101 _aGJEO
245 _aCOLOMBIA
_cROUILLARD P
942 _2udc
_cBK
999 _c58337
_d58337